| 000 | 00901nam a22002057a 4500 | ||
|---|---|---|---|
| 005 | 20210325173805.0 | ||
| 008 | s2531 th tha d | ||
| 041 | _atha | ||
| 050 | _aNC992 ร783ห | ||
| 100 | 0 | _aเริงไชย พุทธาโร | |
| 245 | 1 | 0 | _aเหม เวชกร จิตรกรมือเทวดา หลวงสารานุประพันธ์ราชาเรื่องลึกลับผู้ประพันธ์เพลงชาติไทย |
| 260 | 3 |
_aกรุงเทพฯ : _bธารธิตรเพรส, _c2531 |
|
| 300 |
_a239 หน้า : _b ภาพประกอบ |
||
| 650 | 0 | 4 | _aสารานุประพันธ์, หลวง, 2439--2497 |
| 650 | 0 | 4 | _aเหม เวชกร, 2446--2512 |
| 850 | _aNALT | ||
| 942 | _cGB | ||
| 997 | _c000000000002315 | ||
| 998 | _aJETANANARD SUWANDEE | ||
| 999 |
_c2315 _d2315 |
||